| 000 | 00479nam a2200169 a 4500 | ||
|---|---|---|---|
| 001 | 000037228 | ||
| 005 | 20200930080225.0 | ||
| 008 | 120313s1967 ag 000 0 spa d | ||
| 040 |
_aDO-SdBNP _bspa _cBNPHU |
||
| 082 |
_axxxx _bxxxx |
||
| 100 | 1 |
_aMarcelo Constanzo, Carlos _963643 |
|
| 245 | 1 | 3 |
_aEl rostro invisible / _cCarlos Marcelo Constanzo. |
| 260 |
_aBuenos Aires, : _bOptimus, _c1967. |
||
| 300 |
_a48 p. ; _c20 cm. |
||
| 490 | 1 | _aDiego azul | |
| 830 | 0 |
_aDiego azul _949710 |
|
| 999 |
_c36718 _d36718 |
||